[Event "Defi Nez rouge B"]
[Site "Gatineau CAN"]
[Date "2008.12.02"]
[Round "2"]
[White "Jiang, Qizhe"]
[Black "Lavergne, Daniel"]
[Result "0-1"]
[WhiteElo "974"]
[BlackElo "1656"]
[PlyCount "74"]
[GameId "2160767910286066"]
[EventDate "2008.11.25"]
[EventType "swiss"]
[EventRounds "5"]
[EventCountry "CAN"]
[SourceTitle "EXT 2022"]
[Source "ChessBase"]
[SourceDate "2021.10.06"]
[SourceVersion "1"]
[SourceVersionDate "2021.10.06"]
[SourceQuality "1"]

1. e4 e5 2. Nf3 Nc6 3. Bc4 Nf6 4. d3 h6 5. a3 Bc5 6. h3 d5 7. exd5 Nxd5 8. O-O Be6 9. Bxd5 Qxd5 10. Nc3 Qd7 11. Kh2 O-O-O 12. Qe2 f6 13. Be3 Be7 14. Rad1 Bd6 15. Ne4 f5 16. Nxd6+ Qxd6 17. g3 Rhe8 18. Qd2 g5 19. Qe2 f4 20. Bd2 g4 21. Ng1 Nd4 22. Bb4 Nxe2 23. Bxd6 Nxg1 24. Rxg1 Rxd6 25. hxg4 Bxg4 26. Rde1 fxg3+ 27. fxg3 h5 28. Re4 Rd4 29. Rge1 Rxe4 30. Rxe4 Rf8 31. Rxe5 Rf2+ 32. Kg1 Rxc2 33. b3 Rc3 34. b4 Rxd3 35. Kg2 Rxa3 36. b5 a6 37. bxa6 Rxa6 0-1

[Event "Defi Nez rouge B"]
[Site "Gatineau CAN"]
[Date "2008.12.02"]
[Round "2"]
[White "Levesque, Andre"]
[Black "Blouin, Francois"]
[Result "0-1"]
[WhiteElo "1249"]
[BlackElo "1617"]
[PlyCount "67"]
[GameId "2160767910286067"]
[EventDate "2008.11.25"]
[EventType "swiss"]
[EventRounds "5"]
[EventCountry "CAN"]
[SourceTitle "EXT 2022"]
[Source "ChessBase"]
[SourceDate "2021.10.06"]
[SourceVersion "1"]
[SourceVersionDate "2021.10.06"]
[SourceQuality "1"]

1. e4 e6 2. d4 d5 3. e5 c5 4. c3 Nc6 5. Be3 Qb6 6. b3 cxd4 7. cxd4 Nge7 8. Nf3 Nf5 9. Be2 Bb4+ 10. Kf1 Bd7 11. a3 Be7 12. Nc3 O-O 13. Na4 Qd8 14. Nc5 Bxc5 15. dxc5 f6 16. exf6 Nxe3+ 17. fxe3 Qxf6 18. Ra2 Rad8 19. Ke1 Ne5 20. h3 Bc6 21. Rf1 Nxf3+ 22. Bxf3 d4 23. Qd3 dxe3 24. Qxe3 Qh4+ 25. Qf2 Qf4 26. Ra1 Qe5+ 27. Qe2 Qxa1+ 28. Kf2 Qd4+ 29. Kg3 e5 30. Kh2 Bxf3 31. gxf3 Qd2 32. Rf2 Qxe2 33. Rxe2 Rxf3 34. Kg2 0-1

[Event "Defi Nez rouge B"]
[Site "Gatineau CAN"]
[Date "2008.12.02"]
[Round "2"]
[White "MacIsaac, Alexandre"]
[Black "Sunatori, Evelyne"]
[Result "1-0"]
[WhiteElo "1427"]
[BlackElo "1152"]
[PlyCount "87"]
[GameId "2160767910286068"]
[EventDate "2008.11.25"]
[EventType "swiss"]
[EventRounds "5"]
[EventCountry "CAN"]
[SourceTitle "EXT 2022"]
[Source "ChessBase"]
[SourceDate "2021.10.06"]
[SourceVersion "1"]
[SourceVersionDate "2021.10.06"]
[SourceQuality "1"]

1. e4 e5 2. Nf3 Nc6 3. Bb5 a6 4. Ba4 Bc5 5. Nxe5 Nxe5 6. d4 Bxd4 7. Qxd4 Qf6 8. Be3 Ng4 9. Qxf6 N8xf6 10. Bf4 c6 11. h3 Nh5 12. Bd6 Ngf6 13. Nd2 g6 14. g4 b5 15. Bb3 Nxe4 16. Nxe4 f5 17. gxh5 fxe4 18. hxg6 hxg6 19. O-O-O a5 20. Rde1 Bb7 21. c3 c5 22. Bxc5 O-O-O 23. Be3 g5 24. Bxg5 e3 25. fxe3 Bxh1 26. Bxd8 a4 27. Bc2 Rxh3 28. Bb6 Bd5 29. a3 Rh1 30. Rxh1 Bxh1 31. e4 Kb7 32. Bd4 Kc6 33. Kd2 d5 34. e5 Be4 35. Bxe4 dxe4 36. Ke3 Kd5 37. e6 Kxe6 38. Kxe4 Kd6 39. Bb6 Kc6 40. Ba5 Kc5 41. Bb4+ Kc4 42. Ke5 Kb3 43. Kd5 Kxb2 44. Kc5 1-0

[Event "Defi Nez rouge B"]
[Site "Gatineau CAN"]
[Date "2008.12.02"]
[Round "2"]
[White "Menard, Marc"]
[Black "Carriere, Stephen"]
[Result "1-0"]
[WhiteElo "1593"]
[BlackElo "1264"]
[PlyCount "77"]
[GameId "2160767910286069"]
[EventDate "2008.11.25"]
[EventType "swiss"]
[EventRounds "5"]
[EventCountry "CAN"]
[SourceTitle "EXT 2022"]
[Source "ChessBase"]
[SourceDate "2021.10.06"]
[SourceVersion "1"]
[SourceVersionDate "2021.10.06"]
[SourceQuality "1"]

1. e4 c5 2. Nf3 d6 3. d4 cxd4 4. Nxd4 Nf6 5. Nc3 a6 6. Be2 e5 7. Nb3 Be7 8. Be3 Be6 9. O-O O-O 10. f4 Nc6 11. fxe5 Nxe5 12. h3 Qd7 13. Nd4 Bxh3 14. gxh3 Qxh3 15. Nf5 Nfg4 16. Bxg4 Nxg4 17. Nxe7+ Kh8 18. Bf4 g5 19. Rf3 Qh5 20. Bg3 Rae8 21. Qd4+ f6 22. Ncd5 Ne5 23. Bxe5 dxe5 24. Qf2 Qg4+ 25. Qg2 Qxe4 26. Raf1 Qd4+ 27. Kh1 e4 28. Rxf6 Rg8 29. c3 Qd3 30. Nb4 Qxf1+ 31. Rxf1 Rxe7 32. Nd5 Re5 33. Nf6 Rf8 34. Nd7 Rxf1+ 35. Qxf1 Re8 36. Qf7 Rg8 37. Nf6 Rg7 38. Qf8+ Rg8 39. Qxg8# 1-0

[Event "Defi Nez rouge B"]
[Site "Gatineau CAN"]
[Date "2008.12.02"]
[Round "2"]
[White "Pilon, Robert"]
[Black "Guimond, Michel"]
[Result "0-1"]
[WhiteElo "1443"]
[BlackElo "1889"]
[PlyCount "68"]
[GameId "2160767910286070"]
[EventDate "2008.11.25"]
[EventType "swiss"]
[EventRounds "5"]
[EventCountry "CAN"]
[SourceTitle "EXT 2022"]
[Source "ChessBase"]
[SourceDate "2021.10.06"]
[SourceVersion "1"]
[SourceVersionDate "2021.10.06"]
[SourceQuality "1"]

1. Nf3 d6 2. b3 e5 3. e4 Nc6 4. Bb2 Bg4 5. Be2 Nf6 6. d3 Nd7 7. Nbd2 Nc5 8. h3 Bh5 9. Nc4 Ne6 10. Ne3 Nf4 11. g3 Nxe2 12. Qxe2 Nd4 13. Bxd4 exd4 14. Nf5 Bxf3 15. Qxf3 g6 16. Nh4 Bg7 17. O-O O-O 18. Qe2 Qd7 19. Kh2 Rae8 20. Qg4 Qc6 21. Rac1 Qc3 22. Qd1 f5 23. exf5 g5 24. f6 Rxf6 25. Ng2 Bh6 26. g4 Ref8 27. Qe2 Bg7 28. Qe4 Qd2 29. Rcd1 Qc3 30. Qd5+ Kh8 31. Kg1 Qxc2 32. Rc1 Qxd3 33. Qxg5 Bh6 34. Rcd1 Rxf2 0-1

[Event "Defi Nez rouge B"]
[Site "Gatineau CAN"]
[Date "2008.12.02"]
[Round "2"]
[White "Rainey, Ivan"]
[Black "Duret, Serge"]
[Result "1-0"]
[WhiteElo "1496"]
[BlackElo "1001"]
[PlyCount "49"]
[GameId "2160767910286071"]
[EventDate "2008.11.25"]
[EventType "swiss"]
[EventRounds "5"]
[EventCountry "CAN"]
[SourceTitle "EXT 2022"]
[Source "ChessBase"]
[SourceDate "2021.10.06"]
[SourceVersion "1"]
[SourceVersionDate "2021.10.06"]
[SourceQuality "1"]

1. d4 d6 2. c4 e6 3. Nc3 Nf6 4. Nf3 Be7 5. Bf4 O-O 6. e3 Nc6 7. a3 b6 8. Bd3 d5 9. Qc2 dxc4 10. Bxc4 Bb7 11. O-O-O Na5 12. Bd3 Bxf3 13. gxf3 g6 14. h4 Nh5 15. Bh6 Re8 16. b4 Nb7 17. Bb5 c6 18. Bxc6 Qc7 19. Bxe8 Rxe8 20. Kb1 Rc8 21. Rc1 Nf6 22. Bg5 Nd5 23. Nxd5 Qxc2+ 24. Rxc2 Rxc2 25. Nxe7+ 1-0

[Event "Defi Nez rouge B"]
[Site "Gatineau CAN"]
[Date "2008.12.02"]
[Round "2"]
[White "Sabourin, Yves"]
[Black "Arsenault, Yves"]
[Result "1-0"]
[WhiteElo "1299"]
[BlackElo "1454"]
[PlyCount "85"]
[GameId "2160767910286072"]
[EventDate "2008.11.25"]
[EventType "swiss"]
[EventRounds "5"]
[EventCountry "CAN"]
[SourceTitle "EXT 2022"]
[Source "ChessBase"]
[SourceDate "2021.10.06"]
[SourceVersion "1"]
[SourceVersionDate "2021.10.06"]
[SourceQuality "1"]

1. d4 d5 2. c4 c6 3. Nc3 Nf6 4. Bg5 Nbd7 5. e3 h6 6. Bh4 e6 7. Nf3 Be7 8. cxd5 cxd5 9. Bd3 O-O 10. O-O Nb6 11. Qc2 Bd7 12. Ne5 Be8 13. Rfc1 Rc8 14. Qb3 g5 15. Bg3 a6 16. Rc2 Nh5 17. a4 Nxg3 18. a5 Nd7 19. Nxd7 Bxd7 20. hxg3 Rc7 21. Rac1 Qb8 22. Nxd5 Rxc2 23. Nxe7+ Kg7 24. Qxc2 Re8 25. Qc7 Qxc7 26. Rxc7 Rxe7 27. Rxb7 Kf6 28. Bxa6 Bc6 29. Rxe7 Kxe7 30. Be2 f5 31. a6 g4 32. b4 Kd8 33. Bc4 Bd7 34. b5 Kc7 35. f3 h5 36. Kf2 Kb6 37. e4 Ka7 38. Ke3 gxf3 39. gxf3 fxe4 40. Kxe4 Be8 41. Ke5 Bd7 42. Kd6 Be8 43. Kc7 1-0

[Event "Defi Nez rouge B"]
[Site "Gatineau CAN"]
[Date "2008.12.02"]
[Round "2"]
[White "Scantland, Patrick"]
[Black "Jani, Louis"]
[Result "1-0"]
[WhiteElo "1686"]
[BlackElo "1424"]
[PlyCount "51"]
[GameId "2160767910286073"]
[EventDate "2008.11.25"]
[EventType "swiss"]
[EventRounds "5"]
[EventCountry "CAN"]
[SourceTitle "EXT 2022"]
[Source "ChessBase"]
[SourceDate "2021.10.06"]
[SourceVersion "1"]
[SourceVersionDate "2021.10.06"]
[SourceQuality "1"]

1. c4 c5 2. Nf3 Nf6 3. Nc3 Nc6 4. g3 e6 5. Bg2 Be7 6. O-O O-O 7. a3 d6 8. d4 cxd4 9. Nxd4 Bd7 10. e4 e5 11. Nf5 Qc8 12. Nxd6 Bxd6 13. Qxd6 Bh3 14. Nd5 Nxd5 15. cxd5 Nd4 16. Qxe5 Ne2+ 17. Kh1 Re8 18. Qh5 Bxg2+ 19. Kxg2 Rxe4 20. Be3 Qc2 21. Qf3 Rae8 22. Kh1 R8e5 23. Rad1 Qxb2 24. Rd2 Rxe3 25. fxe3 Qxd2 26. Qxf7+ 1-0

[Event "Defi Nez rouge B"]
[Site "Gatineau CAN"]
[Date "2008.12.02"]
[Round "2"]
[White "Thibault, Mario"]
[Black "Huard, Martin"]
[Result "1-0"]
[WhiteElo "1628"]
[BlackElo "1152"]
[PlyCount "115"]
[GameId "2160767910286074"]
[EventDate "2008.11.25"]
[EventType "swiss"]
[EventRounds "5"]
[EventCountry "CAN"]
[SourceTitle "EXT 2022"]
[Source "ChessBase"]
[SourceDate "2021.10.06"]
[SourceVersion "1"]
[SourceVersionDate "2021.10.06"]
[SourceQuality "1"]

1. Nf3 Nf6 2. b3 d5 3. e3 e6 4. Bb2 c5 5. Be2 Bd6 6. O-O Nc6 7. d3 Qc7 8. Nbd2 e5 9. e4 Bd7 10. exd5 Nxd5 11. Nc4 O-O-O 12. Nxd6+ Qxd6 13. Ng5 Qg6 14. Qd2 f6 15. Ne4 b6 16. a4 Bf5 17. Ng3 Nf4 18. Bf3 e4 19. Qxf4 exf3 20. Qxf5+ Qxf5 21. Nxf5 fxg2 22. Kxg2 Rhg8 23. Rfe1 Nd4 24. Bxd4 cxd4 25. Ne7+ Kd7 26. Nxg8 Rxg8 27. Re4 g5 28. Rxd4+ Ke6 29. Re1+ Kf5 30. Rd7 h5 31. d4 g4 32. d5 Rc8 33. c4 Rg8 34. Re6 Kg5 35. Rf7 f5 36. Ref6 Re8 37. Rxf5+ Kg6 38. R7f6+ Kg7 39. Re6 Rc8 40. d6 g3 41. fxg3 h4 42. d7 Rd8 43. Re7+ Kg6 44. Rd5 hxg3 45. Kxg3 b5 46. Re8 Rxd7 47. Rxd7 bxc4 48. bxc4 a5 49. Kf3 Kf6 50. Ke4 Kg6 51. Re5 Kf6 52. Rd6+ Kf7 53. Kf5 Kf8 54. Rxa5 Ke7 55. Rh6 Kf7 56. Ra7+ Kg8 57. Rb6 Kf8 58. Rb8# 1-0

[Event "Defi Nez rouge B"]
[Site "Gatineau CAN"]
[Date "2008.12.09"]
[Round "3"]
[White "Arsenault, Yves"]
[Black "Levesque, Andre"]
[Result "1-0"]
[WhiteElo "1454"]
[BlackElo "1249"]
[PlyCount "65"]
[GameId "2160767910286075"]
[EventDate "2008.11.25"]
[EventType "swiss"]
[EventRounds "5"]
[EventCountry "CAN"]
[SourceTitle "EXT 2022"]
[Source "ChessBase"]
[SourceDate "2021.10.06"]
[SourceVersion "1"]
[SourceVersionDate "2021.10.06"]
[SourceQuality "1"]

1. e4 c5 2. Nf3 Nc6 3. d4 cxd4 4. Nxd4 g6 5. Be3 Bg7 6. c3 Nf6 7. Nd2 O-O 8. Bd3 d5 9. Nxc6 bxc6 10. O-O Ng4 11. Bf4 Ne5 12. Bc2 f5 13. exd5 cxd5 14. Re1 Nf7 15. Nf3 Re8 16. Ne5 Nxe5 17. Bxe5 Bb7 18. Ba4 Rf8 19. Qd4 Bxe5 20. Rxe5 Qd6 21. Rae1 Rf7 22. Re6 Qc7 23. R1e5 a5 24. Qe3 Ba6 25. Bc6 Rb8 26. b3 Rb6 27. Bxd5 Bc8 28. Rxb6 e6 29. Bxe6 Bxe6 30. Rexe6 Rd7 31. g3 Rd8 32. Re7 Qc8 33. Qe6+ 1-0

[Event "Defi Nez rouge B"]
[Site "Gatineau CAN"]
[Date "2008.12.09"]
[Round "3"]
[White "Berthiaume, Serge"]
[Black "Pilon, Robert"]
[Result "1-0"]
[WhiteElo "1232"]
[BlackElo "1443"]
[PlyCount "99"]
[GameId "2160767910286076"]
[EventDate "2008.11.25"]
[EventType "swiss"]
[EventRounds "5"]
[EventCountry "CAN"]
[SourceTitle "EXT 2022"]
[Source "ChessBase"]
[SourceDate "2021.10.06"]
[SourceVersion "1"]
[SourceVersionDate "2021.10.06"]
[SourceQuality "1"]

1. d4 Nf6 2. Nf3 d5 3. Bf4 Nc6 4. e3 e6 5. Ne5 Nxe5 6. Bxe5 Bd6 7. Bg3 O-O 8. Bd3 c5 9. c3 cxd4 10. Bxd6 Qxd6 11. cxd4 Bd7 12. Nc3 e5 13. dxe5 Qxe5 14. Be2 Qg5 15. Bf3 Bc6 16. Qd4 Rfe8 17. O-O-O Rad8 18. Qxa7 Ne4 19. Bxe4 dxe4 20. g3 Qf6 21. Rxd8 Rxd8 22. Qb6 g6 23. Rf1 Rd2 24. Kxd2 Qf3 25. Qd8+ Kg7 26. Qd4+ Kg8 27. Qd8+ Kg7 28. h4 Qg2 29. Qd4+ Kg8 30. Qc4 Qf3 31. Nb5 Qf5 32. Nd4 Qd7 33. Rc1 Qd8 34. Rc3 Qa5 35. Nxc6 bxc6 36. a3 Qb6 37. b4 Qd8+ 38. Kc2 Qf6 39. Qe2 Qe6 40. Kb2 Qf6 41. Kb3 Qe6+ 42. Qc4 Qf6 43. Rc2 Qd6 44. Qxc6 Qd3+ 45. Qc3 Qd5+ 46. Kb2 Qb5 47. Qd4 Qe8 48. Rc5 Qa8 49. b5 Qe8 50. Rd5 1-0

[Event "Defi Nez rouge B"]
[Site "Gatineau CAN"]
[Date "2008.12.09"]
[Round "3"]
[White "Duret, Serge"]
[Black "Huard, Martin"]
[Result "0-1"]
[WhiteElo "1001"]
[BlackElo "1152"]
[PlyCount "78"]
[GameId "2160767910286077"]
[EventDate "2008.11.25"]
[EventType "swiss"]
[EventRounds "5"]
[EventCountry "CAN"]
[SourceTitle "EXT 2022"]
[Source "ChessBase"]
[SourceDate "2021.10.06"]
[SourceVersion "1"]
[SourceVersionDate "2021.10.06"]
[SourceQuality "1"]

1. e4 e5 2. Nf3 Nc6 3. Bb5 d6 4. d4 exd4 5. Nxd4 Bd7 6. Nxc6 Bxc6 7. Bxc6+ bxc6 8. Nc3 Nf6 9. Qf3 Qd7 10. O-O Rb8 11. Re1 Be7 12. b3 O-O 13. Qg3 Qg4 14. e5 Qxg3 15. hxg3 dxe5 16. Rxe5 Bd6 17. Re2 Rfe8 18. Bf4 Bxf4 19. gxf4 Rbd8 20. Rxe8+ Rxe8 21. g3 g6 22. Rd1 Kg7 23. Kg2 a6 24. b4 Re6 25. a4 Ne4 26. Nxe4 Rxe4 27. Rd7 Rxb4 28. Rxc7 Rc4 29. Ra7 Rxa4 30. Kf3 Rc4 31. Rxa6 Rxc2 32. Ke3 h5 33. f3 f5 34. Ra7+ Kf6 35. Rh7 Rg2 36. g4 hxg4 37. fxg4 Rg3+ 38. Kf2 Rxg4 39. Kf3 Rg1 0-1

[Event "Defi Nez rouge B"]
[Site "Gatineau CAN"]
[Date "2008.12.09"]
[Round "3"]
[White "Gagnon, Fabien"]
[Black "Thibault, Mario"]
[Result "1-0"]
[WhiteElo "1920"]
[BlackElo "1628"]
[PlyCount "71"]
[GameId "2160767910286078"]
[EventDate "2008.11.25"]
[EventType "swiss"]
[EventRounds "5"]
[EventCountry "CAN"]
[SourceTitle "EXT 2022"]
[Source "ChessBase"]
[SourceDate "2021.10.06"]
[SourceVersion "1"]
[SourceVersionDate "2021.10.06"]
[SourceQuality "1"]

1. d4 Nf6 2. Nf3 e6 3. Bg5 h6 4. Bxf6 Qxf6 5. e4 c5 6. c3 cxd4 7. cxd4 Bb4+ 8. Nc3 O-O 9. Bd3 Nc6 10. Bc2 d6 11. O-O Bxc3 12. bxc3 e5 13. h3 b6 14. Qd2 Ne7 15. Nh2 Ng6 16. Ng4 Qh4 17. Ne3 Nf4 18. f3 Qg5 19. Kh1 Nh5 20. Rf2 Ng3+ 21. Kh2 Qf4 22. Kg1 Qg5 23. Ng4 Qh4 24. dxe5 h5 25. Ne3 dxe5 26. Qd5 Qe7 27. Qxa8 Qc5 28. Nd1 Qc4 29. Qd5 Qa6 30. Bd3 Qa3 31. Qxe5 h4 32. Ne3 Be6 33. Nd5 Rc8 34. Rc2 Bxd5 35. exd5 Qa4 36. Re1 1-0

[Event "Defi Nez rouge B"]
[Site "Gatineau CAN"]
[Date "2008.12.09"]
[Round "3"]
[White "Guimond, Michel"]
[Black "Blouin, Francois"]
[Result "1-0"]
[WhiteElo "1889"]
[BlackElo "1617"]
[PlyCount "37"]
[GameId "2160767910286079"]
[EventDate "2008.11.25"]
[EventType "swiss"]
[EventRounds "5"]
[EventCountry "CAN"]
[SourceTitle "EXT 2022"]
[Source "ChessBase"]
[SourceDate "2021.10.06"]
[SourceVersion "1"]
[SourceVersionDate "2021.10.06"]
[SourceQuality "1"]

1. e4 e6 2. d4 d5 3. e5 c5 4. c3 Nc6 5. Nf3 Qb6 6. a3 c4 7. Nbd2 Na5 8. Be2 Bd7 9. O-O Ne7 10. Rb1 Nc8 11. Ng5 Qc7 12. Bh5 g6 13. Qf3 Ba4 14. Qf6 Qe7 15. Qxh8 Bc2 16. Nxh7 Bxb1 17. Nxb1 gxh5 18. Bg5 f6 19. Nxf6+ 1-0

[Event "Defi Nez rouge B"]
[Site "Gatineau CAN"]
[Date "2008.12.09"]
[Round "3"]
[White "Jani, Louis"]
[Black "Robert, Danyka"]
[Result "1-0"]
[WhiteElo "1424"]
[BlackElo "1034"]
[PlyCount "45"]
[GameId "2160767910286080"]
[EventDate "2008.11.25"]
[EventType "swiss"]
[EventRounds "5"]
[EventCountry "CAN"]
[SourceTitle "EXT 2022"]
[Source "ChessBase"]
[SourceDate "2021.10.06"]
[SourceVersion "1"]
[SourceVersionDate "2021.10.06"]
[SourceQuality "1"]

1. e4 e5 2. Nf3 Nf6 3. Nc3 d6 4. Bc4 Nc6 5. O-O a6 6. a3 Ne7 7. d3 d5 8. exd5 Ng6 9. Re1 Bd6 10. d4 O-O 11. dxe5 Bc5 12. exf6 Qxf6 13. Ne4 Qd8 14. Nxc5 b6 15. Ne6 fxe6 16. dxe6 Re8 17. e7+ Kh8 18. exd8=Q Bd7 19. Rxe8+ Bxe8 20. Qxa8 h5 21. Ng5 Nf8 22. Qxe8 g6 23. Qxf8# 1-0

[Event "Defi Nez rouge B"]
[Site "Gatineau CAN"]
[Date "2008.12.09"]
[Round "3"]
[White "Labelle, Raymond"]
[Black "Menard, Marc"]
[Result "1-0"]
[WhiteElo "1315"]
[BlackElo "1593"]
[PlyCount "27"]
[GameId "2160767910286081"]
[EventDate "2008.11.25"]
[EventType "swiss"]
[EventRounds "5"]
[EventCountry "CAN"]
[SourceTitle "EXT 2022"]
[Source "ChessBase"]
[SourceDate "2021.10.06"]
[SourceVersion "1"]
[SourceVersionDate "2021.10.06"]
[SourceQuality "1"]

1. e4 e5 2. Nf3 Nc6 3. Bc4 Nf6 4. Ng5 d5 5. exd5 Nxd5 6. Nxf7 Kxf7 7. Qf3+ Ke6 8. Nc3 Nce7 9. Ne4 h6 10. Nc5+ Kd6 11. Qa3 Kc6 12. b4 b6 13. b5+ Kd6 14. Nb7+ 1-0

[Event "Defi Nez rouge B"]
[Site "Gatineau CAN"]
[Date "2008.12.09"]
[Round "3"]
[White "Lavergne, Daniel"]
[Black "MacIsaac, Alexandre"]
[Result "1-0"]
[WhiteElo "1656"]
[BlackElo "1404"]
[PlyCount "57"]
[GameId "2160767910286082"]
[EventDate "2008.11.25"]
[EventType "swiss"]
[EventRounds "5"]
[EventCountry "CAN"]
[SourceTitle "EXT 2022"]
[Source "ChessBase"]
[SourceDate "2021.10.06"]
[SourceVersion "1"]
[SourceVersionDate "2021.10.06"]
[SourceQuality "1"]

1. e4 c5 2. Nf3 d6 3. d4 cxd4 4. Nxd4 Nf6 5. Nc3 g6 6. f4 Nc6 7. Bb5 Bd7 8. e5 dxe5 9. Nxc6 bxc6 10. fxe5 cxb5 11. exf6 exf6 12. O-O Bc5+ 13. Kh1 O-O 14. Bh6 Re8 15. Qf3 Bf5 16. Rad1 Qc8 17. Nd5 Be7 18. Rfe1 Qxc2 19. Nxe7+ Kh8 20. Rd2 Qc7 21. Rde2 Qd8 22. Nxg6+ fxg6 23. Rxe8+ Qxe8 24. Rxe8+ Rxe8 25. h3 Re1+ 26. Kh2 Re4 27. Qc3 Re5 28. Qd4 Kg8 29. Qxa7 1-0

[Event "Defi Nez rouge B"]
[Site "Gatineau CAN"]
[Date "2008.12.09"]
[Round "3"]
[White "Rainey, Ivan"]
[Black "Scantland, Patrick"]
[Result "0-1"]
[WhiteElo "1496"]
[BlackElo "1686"]
[PlyCount "62"]
[GameId "2160767910286083"]
[EventDate "2008.11.25"]
[EventType "swiss"]
[EventRounds "5"]
[EventCountry "CAN"]
[SourceTitle "EXT 2022"]
[Source "ChessBase"]
[SourceDate "2021.10.06"]
[SourceVersion "1"]
[SourceVersionDate "2021.10.06"]
[SourceQuality "1"]

1. d4 Nf6 2. c4 e6 3. Nc3 d5 4. Nf3 Nbd7 5. Bg5 Be7 6. e3 b6 7. Bd3 Bb7 8. O-O h6 9. Bf4 Rc8 10. h3 O-O 11. cxd5 Nxd5 12. Nxd5 Bxd5 13. Qc2 Bxf3 14. gxf3 c5 15. Ba6 Bg5 16. Bd6 Qf6 17. Bxc8 Rxc8 18. f4 Bh4 19. dxc5 bxc5 20. b4 c4 21. Rac1 Qd8 22. Rfd1 Qe8 23. Qa4 f5 24. Qxa7 Ra8 25. Qd4 Rxa2 26. Rd2 Rxd2 27. Qxd2 Nf6 28. f3 Qc6 29. Be7 Qxf3 30. Bxf6 Qg3+ 31. Qg2 Qxe3+ 0-1

[Event "Defi Nez rouge B"]
[Site "Gatineau CAN"]
[Date "2008.12.09"]
[Round "3"]
[White "Sabourin, Yves"]
[Black "Beriault, Silvain"]
[Result "0-1"]
[WhiteElo "1299"]
[BlackElo "1671"]
[PlyCount "94"]
[GameId "2160767910286084"]
[EventDate "2008.11.25"]
[EventType "swiss"]
[EventRounds "5"]
[EventCountry "CAN"]
[SourceTitle "EXT 2022"]
[Source "ChessBase"]
[SourceDate "2021.10.06"]
[SourceVersion "1"]
[SourceVersionDate "2021.10.06"]
[SourceQuality "1"]

1. d4 Nf6 2. c4 e6 3. Nc3 d5 4. Bg5 Be7 5. Nf3 Nbd7 6. e3 O-O 7. Bd3 c6 8. O-O h6 9. Bh4 dxc4 10. Bxc4 Nd5 11. Bxe7 Qxe7 12. a3 Nxc3 13. bxc3 e5 14. Re1 exd4 15. exd4 Qd6 16. Qb3 Qf6 17. Ne5 Nxe5 18. Rxe5 b5 19. Bd3 Bd7 20. Rae1 Rfe8 21. Rxe8+ Rxe8 22. Rxe8+ Bxe8 23. Qc2 Qe7 24. Qe2 Qxe2 25. Bxe2 Kf8 26. Kf1 Ke7 27. Ke1 Kd6 28. Bf3 f6 29. Kd2 Bf7 30. g3 c5 31. Ke3 a5 32. Be2 Kc6 33. Bf3+ Bd5 34. Bxd5+ Kxd5 35. dxc5 Kxc5 36. Kd3 Kd5 37. f4 f5 38. Kc2 Kc4 39. h3 h5 40. a4 bxa4 41. Kb2 g6 42. h4 a3+ 43. Kxa3 Kxc3 44. Ka4 Kd3 45. Kxa5 Ke3 46. Kb6 Kf3 47. Kc6 Kxg3 0-1

[Event "Defi Nez rouge B"]
[Site "Gatineau CAN"]
[Date "2008.12.16"]
[Round "4"]
[White "Arsenault, Yves"]
[Black "Berthiaume, Serge"]
[Result "0-1"]
[WhiteElo "1454"]
[BlackElo "1232"]
[PlyCount "96"]
[GameId "2160767910286085"]
[EventDate "2008.11.25"]
[EventType "swiss"]
[EventRounds "5"]
[EventCountry "CAN"]
[SourceTitle "EXT 2022"]
[Source "ChessBase"]
[SourceDate "2021.10.06"]
[SourceVersion "1"]
[SourceVersionDate "2021.10.06"]
[SourceQuality "1"]

1. e4 e5 2. Nf3 Nc6 3. Bc4 Bc5 4. d3 h6 5. Nc3 d6 6. O-O Bg4 7. h3 Bh5 8. Be3 Nd4 9. Bxd4 Bxd4 10. g4 Bg6 11. Nxd4 exd4 12. Nd5 c6 13. Nf4 Ne7 14. Qf3 Rf8 15. Qg3 Qd7 16. Ne2 c5 17. f4 O-O-O 18. f5 Bh7 19. h4 Nc6 20. g5 Ne5 21. Bb3 Kb8 22. c3 Qb5 23. c4 Qb4 24. Rad1 Rh8 25. Nf4 Rde8 26. Nd5 Qa5 27. a3 Qd8 28. Ba4 Ref8 29. b4 hxg5 30. hxg5 f6 31. g6 Bg8 32. Rb1 Bxd5 33. exd5 Rh5 34. Kf2 Rxf5+ 35. Ke2 Rxf1 36. Rxf1 Qe7 37. Kd2 Rh8 38. bxc5 dxc5 39. Bd1 Qc7 40. Kc2 Qa5 41. Kb3 Kc7 42. Rf2 Kd6 43. Rc2 Rh1 44. Rc1 Qd2 45. Rc2 Qxd1 46. Qg2 Qxd3+ 47. Ka2 Rh3 48. Kb1 Nxc4 0-1

[Event "Defi Nez rouge B"]
[Site "Gatineau CAN"]
[Date "2008.12.16"]
[Round "4"]
[White "Beriault, Silvain"]
[Black "Guimond, Michel"]
[Result "0-1"]
[WhiteElo "1671"]
[BlackElo "1889"]
[PlyCount "60"]
[GameId "2160767910286086"]
[EventDate "2008.11.25"]
[EventType "swiss"]
[EventRounds "5"]
[EventCountry "CAN"]
[SourceTitle "EXT 2022"]
[Source "ChessBase"]
[SourceDate "2021.10.06"]
[SourceVersion "1"]
[SourceVersionDate "2021.10.06"]
[SourceQuality "1"]

1. d4 g6 2. c4 Bg7 3. Nf3 d6 4. e4 Nd7 5. Be2 e5 6. d5 a5 7. Nc3 Nh6 8. Bg5 f6 9. Bd2 O-O 10. Qc1 Nf7 11. O-O Nc5 12. Qc2 f5 13. Be3 fxe4 14. Nxe4 Nxe4 15. Qxe4 Bf5 16. Qh4 Bf6 17. Qg3 h5 18. h3 e4 19. Nd4 Be5 20. f4 exf3 21. Qxf3 Ng5 22. Bxg5 Qxg5 23. Nxf5 Rxf5 24. Qb3 Bf4 25. Bd3 Re5 26. Rae1 Qg3 27. Rxe5 Bxe5 28. Rf3 Qh2+ 29. Kf2 Re8 30. Qc2 Bd4+ 0-1

[Event "Defi Nez rouge B"]
[Site "Gatineau CAN"]
[Date "2008.12.16"]
[Round "4"]
[White "Carriere, Stephen"]
[Black "Jiang, Qizhe"]
[Result "1-0"]
[WhiteElo "1264"]
[BlackElo "974"]
[PlyCount "49"]
[GameId "2160767910286087"]
[EventDate "2008.11.25"]
[EventType "swiss"]
[EventRounds "5"]
[EventCountry "CAN"]
[SourceTitle "EXT 2022"]
[Source "ChessBase"]
[SourceDate "2021.10.06"]
[SourceVersion "1"]
[SourceVersionDate "2021.10.06"]
[SourceQuality "1"]

1. e4 e5 2. Nf3 Nc6 3. Be2 Nf6 4. Nc3 Bb4 5. O-O a6 6. d3 d6 7. Bg5 h6 8. Bxf6 Qxf6 9. Nd5 Qg6 10. Nxc7+ Kd8 11. Nxa8 Bh3 12. Nh4 Qg5 13. g3 Bxf1 14. Bxf1 Bc5 15. c3 Ba7 16. Bh3 Ke7 17. Qb3 Na5 18. Qd5 Bc5 19. b4 Rxa8 20. bxc5 Qf6 21. cxd6+ Qxd6 22. Nf5+ Kf8 23. Qxd6+ Kg8 24. Qxe5 Nc6 25. Qxg7# 1-0